Most Valuable Footballers -- Surname Beginning With 'C' - Statistics

General Stats
  • This quiz has been taken 63 times
  • The average score is 8 of 25
Answer Stats
# CMV Club Answer % Correct
1 €100.00m Real Madrid Eduardo Camavinga
81%
2 €75.00m Chelsea Moisés Caicedo
69%
4 €50.00m Bayern Munich Kingsley Coman
63%
15 €28.00m Real Madrid Thibaut Courtois
50%
7 €45.00m FC Porto Diogo Costa
48%
5 €45.00m Wolverhampton Wanderers Matheus Cunha
46%
14 €28.00m Chelsea Ben Chilwell
44%
12 €30.00m Chelsea Marc Cucurella
42%
6 €45.00m Arsenal Riccardo Calafiori
42%
3 €50.00m Chelsea Levi Colwill
35%
8 €45.00m Inter Milan Hakan Çalhanoğlu
33%
11 €30.00m Barcelona Pau Cubarsi
33%
10 €35.00m Liverpool Federico Chiesa
31%
9 €40.00m Barcelona Andreas Christensen
23%
22 €25.00m Al-Hilal SFC João Cancelo
23%
19 €25.00m Brentford Nathan Collins
23%
13 €28.00m Aston Villa Matty Cash
17%
24 €22.00m Everton Dominic Calvert-Lewin
15%
18 €25.00m Olympique Lyon Rayan Cherki
15%
17 €25.00m Borussia Dortmund Yan Couto
13%
20 €25.00m Lille Lucas Chevalier
10%
21 €25.00m Juventus Andrea Cambiaso
8%
23 €22.00m Juventus Francisco Conceição
8%
16 €25.00m Real Betis Johnny Cardoso
8%
25 €20.00m Al-Sadd SC Mohamad Camara
8%
No matching quizzes found
Score Distribution
Percent of People with Each Score
Percentile by Number Answered
Your Score History
You have not taken this quiz